000 00414nam a2200133Ia 4500
008 220620s9999||||xx |||||||||||||| ||und||
020 _a9780260000000
245 0 _aPost-crisis Fiscal Policy
546 _aEnglish[eng]
650 _aEconometrics and economic statistics||Finance
700 _aCottarelli, Carlo||Gerson, Philip||Senhadji, Abdelhak
856 _uhttp://mitpress.mit.edu/9780262027182
942 _cEB
999 _c30097
_d30097